00475nam a2200181 a 4500001001300000003000900013005001700022008004100039020001000080082001600090100002100106245005500127260002800182300000900210500003500219650001800254700002100272nice12345678IN_TiNIC20260116015338.0100205s1989 cana grp 000 0 eng  ac10000a270.82bRYA aRyan, Thomas Csp aSurvivial Guide for Ecumenically Minded Christians aCanada bNovalis c1989 a163p aincludes index and biblioraphy aEcumenicalism1 aRyan, Thomas Csp